000 01017cam a22002054a 4500
005 20250605164235.0
008 250528s ||||||||||||||||||||||||d
035 _a21128
020 _a9780521448536
040 _aGR-AtMCL
_bgre
_dGR-AtMCL
_eAACR2
245 1 _aHandbook of Bereavement / Theory, Research and Intervention
250 _a10th
260 _bCambridge University Press,
_c2008
300 _a546
520 _aA comprehensive review of scientific knowledge on the consequences of losing a loved person through death. Contributors, Preface, Introduction, The Phenomenology and Measurement of Grief, Current Theories of Grief and Mourning and Bereavement, Physiological Changes Following Bereavement, The Psychological and Social and Health Impacts of Conjugal Bereavement, Grief Reactions to Different Types of Loss, Coping and Counselling and Therapy, Conclusions, References, Author and Subject Index.
700 1 _aStroebe Margaret
_97160
942 _cBK
999 _c6196
_d6196